Reel rituals : ritual occasions from baptisms to funerals in Hollywood films, 1945-1995 /

Bibliographic Details
Main Author: Boswell, Parley Ann
Other Authors: Loukides, Paul
Format: Book
Language:English
Published: Bowling Green, OH : Bowling Green State University Popular Press, [1999]
Subjects:

MARC

Tag First Indicator Second Indicator Subfields
LEADER 00000cam a22000004a 4500
001 in00001532467
005 20151021183327.0
008 000329s1999 ohu bq s001 0 eng
010 |a  99011699  
020 |a 0879727918 (clothbound) 
020 |a 0879727926 (pbk.) 
035 |a (OCoLC)40660152 
040 |a DLC  |c DLC  |d UtOrBLW 
042 |a pcc 
049 |a TXAM 
050 0 0 |a PN1995.9.R56  |b B67 1999 
082 0 0 |a 791.43/655  |2 21 
100 1 |a Boswell, Parley Ann. 
245 1 0 |a Reel rituals :  |b ritual occasions from baptisms to funerals in Hollywood films, 1945-1995 /  |c Parley Ann Boswell, Paul Loukides. 
264 1 |a Bowling Green, OH :  |b Bowling Green State University Popular Press,  |c [1999] 
264 4 |c ©1999 
300 |a xiii, 142 pages ;  |c 24 cm. 
336 |a text  |b txt  |2 rdacontent 
337 |a unmediated  |b n  |2 rdamedia 
338 |a volume  |b nc  |2 rdacarrier 
504 |a Filmography: pages 123-130. 
504 |a Includes bibliographical references (pages 131-135) and index. 
650 0 |a Rites and ceremonies in motion pictures. 
700 1 |a Loukides, Paul. 
994 |a E0  |b TXA 
948 |a cataloged  |b h  |c 2000/7/20  |d c  |e pkellar  |f 11:18:33 am 
999 |a MARS 
999 f f |s c9f704f7-ed91-3fe4-8f01-9718a6a8c901  |i 68fffc8c-23e1-3ca6-8833-77f57922795f  |t 0 
952 f f |p ric  |a Texas A&M University  |b Rellis Campus  |c Joint Library Facility  |d Remote Storage  |t 0  |e PN1995.9.R56 B67 1999  |h Library of Congress classification  |i unmediated -- volume  |m A14826357707 
998 f f |a PN1995.9.R56 B67 1999  |t 0  |l Remote Storage